000
00286nam a22001337a 4500
003
SGT
082
_a
615.532
_b
G16C
100
_a
CLOSE, STUART
245
_a
THE GENIUS OF HOMOEOPATHY
260
_a
INDIA
_b
B. JAIN PUB
_c
2016
300
_a
280
650
_a
HOMEOPATHIC
942
_2
ddc
_c
BK
999
_c
20377
_d
20377